Ley del impuesto sobre la renta 2010 Texto y Comentarios

Bibliographic Details
Corporate Author: Instituto Mexicano de Contadores Pb︢licos
Format: eBook
Language:Spanish
Published: Mx̌ico : Instituto Mexicano de Contadores Pb︢licos, 2011.
Subjects:
Online Access:Acceso restringido

MARC

LEADER 00000nam a22000007a 4500
005 20110902125334.0
008 110902t2011 mx ||||s|||| 00| 0 spa d
020 |a 978-607-7620-39-6  
035 |a 5398 
040 |a vLex 
090 |c 2354  |d 2354 
245 0 0 |a Ley del impuesto sobre la renta 2010  |h [Recurso electrn̤ico] :  |b Texto y Comentarios 
256 |a Servicio en ln̕ea. 
260 |a Mx̌ico :  |b Instituto Mexicano de Contadores Pb︢licos,  |c 2011. 
300 |a 1 recurso electrn̤ico 
500 |a La Comisin̤ Fiscal integrante de la Vicepresidencia de Fiscal del IMCP, en la cual participan los ms̀ destacados y actualizados fiscalistas del pas̕, tiene uno de sus objetivos, la misin̤ de difundir el marco tributario de Mx̌ico. Con este fin, se presenta esta nueva edicin̤ de la Ley del ISR y su reglamento as ̕como la Resolucin̤ Miscelǹea Fiscal vigente; tambiň se enfatizan las nuevas disposiciones y aquellas que requieren de mayor anl̀isis, debido a su importancia y complejidad, como el incremento de un punto porcentual al IVA y dos al ISR, as ̕como otros incrementos en el impuesto especial sobre produccin̤ y servicios y al impuesto a los deps̤itos en efectivo.  
506 1 |a Contenido solo disponible en los productos indicados  |d vLex Global  |d vLex Global (Academic Edition, excluding Law Schools)  |d vLex Global (U.S. Academic Edition, Law Schools)  |d vLex Global (U.S. Academic Edition, excluding Law Schools)  |d vLex Global (Academic Edition, Law Schools) 
650 0 4 |a Derecho tributario  |z Mx̌ico 
710 2 |a Instituto Mexicano de Contadores Pb︢licos 
740 0 |a vLex Libros (Servicio en ln̕ea) 
856 4 0 |u http://vlex.com/source/ley-impuesto-renta-2010-texto-comentarios-5398  |z Acceso restringido 
942 |c BOOK